日本の歴史人物 - Statistics

General Stats
  • This quiz has been taken 87 times
  • The average score is 73 of 315
Answer Stats
名前 肩書 % Correct
卑弥呼 邪馬台国の女王
96%
聖徳太子 冠位十二階、十七条憲法、遣隋使の派遣などを行った飛鳥時代最大の改革者
73%
小野妹子 「日出づる処の天子…」の国書を持って隋に使者として派遣
61%
蘇我入鹿 中大兄皇子・中臣鎌足による乙巳の変で討たれる。蘇我氏滅亡のきっかけ
60%
中臣鎌足 乙巳の変の実行者。藤原氏の祖。のちに藤原姓を賜る
60%
織田信長 下克上で尾張を統一し、桶狭間の戦いで今川義元を撃破。天下布武を掲げ全国侵攻
59%
推古天皇 日本初の女性天皇。蘇我馬子・聖徳太子と共に政治改革を進めた
56%
天智天皇 乙巳の変を起こし、蘇我氏を討伐。後の大化の改新の中心人物
56%
徳川家康 江戸幕府の初代将軍。関ヶ原の戦いで勝利し、1603年に幕府を開く。戦乱を終わらせ、安定した時代の基礎を作った
56%
豊臣秀吉 信長の家臣。中国攻めを行い、本能寺後に天下を取る
54%
伊藤博文 初代内閣総理大臣。憲法制定に中心的役割。長州出身の政治家
53%
蘇我馬子 推古天皇を支え、日本で初めての仏教政治を展開
51%
鑑真 5度の渡航失敗を乗り越えて日本へ。戒壇を設け戒律を導入。唐招提寺を創建
51%
北条政子 頼朝の妻。「尼将軍」。御家人統率の中心人物
51%
武田信玄 甲斐の勇将。信虎を追放し家督を継ぐ
51%
福沢諭吉 啓蒙思想家。「学問のすゝめ」など著す。独立自尊を唱え、近代教育に大きな影響
51%
天武天皇 壬申の乱で勝利し即位。日本書紀編纂を指示し、律令制を整備
50%
紫式部 『源氏物語』の作者。中宮彰子に仕える
50%
平清盛 武士で初めて太政大臣に。日宋貿易を盛んにした
50%
北条時宗 元寇(文永の役・弘安の役)で日本を守る8代執権
50%
足利義満 3代将軍。南北朝合一。日明貿易の開始。金閣を建てる。全盛期を築いた
50%
徳川家光 3代将軍。参勤交代を制度化し、幕府の支配を強める。鎖国体制を完成させた
50%
徳川吉宗 8代将軍。享保の改革を行い、倹約・法整備・目安箱など政治を改善。米将軍と呼ばれた
50%
西郷隆盛 薩摩藩。倒幕運動の中心人物。維新の立役者
50%
行基 社会事業や布教を行った僧侶。のちに奈良時代の大仏造立にも関与
49%
藤原道長 「この世をば…」の歌で有名。摂関政治の絶頂期を築く
49%
源頼朝 伊豆で挙兵し源平合戦の中心へ。のち鎌倉幕府を開く
49%
坂本龍馬 土佐藩出身。薩長同盟の成立に貢献。幕末のキーパーソン
49%
野口英世 医学者。黄熱病の研究で有名。昭和初期に没する
49%
聖武天皇 東大寺大仏建立を進め、国分寺・国分尼寺を整備
47%
清少納言 『枕草子』の作者。中宮定子に仕えた才女
47%
菅原道真 学問の神。遣唐使の廃止を進言。のち大宰府へ左遷
46%
足利尊氏 倒幕に参加し、のちに室町幕府を開く
46%
今川義元 駿河の大名。教育レベルの高さでも有名。桶狭間で敗死
46%
上杉謙信 「越後の龍」。川中島で武田信玄と五度戦う。関東管領も務める
46%
徳川慶喜 最後の将軍。大政奉還を行い江戸幕府を終える
46%
坂上田村麻呂 初代征夷大将軍。蝦夷征討で活躍
44%
後醍醐天皇 幕府を倒そうと挙兵し、建武の新政につながる
44%
足利義政 8代将軍。政治に消極的で争いが激化。銀閣を建てる文化にもつながる
44%
天草四郎 島原・天草一揆(1637)の指導者。キリシタン弾圧に反対して立ち上がるが鎮圧された
44%
犬養毅 五・一五事件で暗殺された首相。政党政治の終わりを象徴
44%
蘇我蝦夷 蘇我氏の権力の頂点を築くが、後にクーデターで失脚
43%
空海 真言宗の開祖。高野山金剛峯寺を開く
43%
源義経 屋島・壇ノ浦の戦いで活躍した名将
43%
田沼意次 田沼政治で商業を活用した改革を行うが、賄賂政治とも批判される
43%
岩倉具視 岩倉使節団を率いて欧米視察を行い、日本の制度改革に影響を与えた
43%
板垣退助 自由民権運動の中心人物。「民撰議院設立建白書」を提出
43%
与謝野晶子 歌人。「君死にたまふことなかれ」で日露戦争を批判
43%
芥川龍之介 小説家。「羅生門」「蜘蛛の糸」などを発表し、近代文学の代表に
43%
昭和天皇 昭和期全体の天皇。戦前の軍部台頭や戦後改革など激動の時代の中心的存在
43%
千利休 茶の湯を大成。秀吉に仕える
41%
松尾芭蕉 「奥の細道」で有名な俳人。俳諧を芸術として高めた
41%
夏目漱石 文学者。「吾輩は猫である」「坊っちゃん」。日本近代文学の代表的人物
41%
宮沢賢治 童話作家・詩人。「銀河鉄道の夜」「雨ニモマケズ」
41%
手塚治虫 漫画界の「神様」。『鉄腕アトム』『ブラック・ジャック』など
41%
桓武天皇 長岡京、のち平安京へ遷都を行う。奈良時代を終わらせた天皇
40%
親鸞 浄土真宗の開祖。悪人正機説で有名
40%
明智光秀 信長の家臣。近畿攻略を担当。のちに本能寺の変を起こす
40%
足利義昭 最後の将軍。信長を頼って上洛し、のち対立
40%
勝海舟 幕臣。海軍育成に努める。江戸無血開城を実現
40%
大正天皇 大正時代の天皇。健康面の理由で政治の表に出ることは少なかったが、時代名として象徴的存在
40%
大久保利通 薩摩出身。殖産興業・地租改正など、近代化政策の中心人物。維新三傑の一人
39%
陸奥宗光 外交官。領事裁判権の撤廃に成功(治外法権の一部解消)
39%
最澄 天台宗の開祖。比叡山延暦寺を開く
37%
近松門左衛門 浄瑠璃・歌舞伎の脚本家。「曽根崎心中」などの名作を残した
37%
葛飾北斎 浮世絵師。「富嶽三十六景」で世界的にも有名
37%
木戸孝允 長州藩。維新三傑の一人。倒幕・新政府樹立に活躍
37%
小村寿太郎 外交官。後に関税自主権回復を実現
37%
樋口一葉 女性文学者。「たけくらべ」などを残す、若くして亡くなった天才作家
37%
東条英機 A級戦犯となった軍人・首相。戦争遂行の中心人物
37%
吉田茂 戦後の首相。サンフランシスコ講和条約を結んで日本の主権を回復
37%
川端康成 ノーベル文学賞受賞。『雪国』『千羽鶴』など
37%
長嶋茂雄 プロ野球界のスター。「ミスター」。昭和スポーツの象徴
37%
宮崎駿 アニメ監督。『風の谷のナウシカ』『となりのトトロ』など、スタジオジブリを中心に活躍
37%
日蓮 日蓮宗の開祖。「南無妙法蓮華経」を唱える
36%
東郷平八郎 海軍大将。日露戦争・日本海海戦でロシア艦隊に勝利
36%
原敬 日本初の本格的政党内閣をつくった首相。「平民宰相」と呼ばれる
36%
平塚らいてう 女性解放を唱えた活動家。「元始、女性は太陽であった」で有名
36%
佐藤栄作 沖縄返還を実現した首相。ノーベル平和賞受賞
36%
王貞治 プロ野球選手。ホームラン世界記録保持者
36%
徳川秀忠 2代将軍。家康の方針を受け継ぎ、幕府の体制を固めた。大阪夏の陣で豊臣家を滅ぼした
34%
吉田松陰 長州藩の思想家。松下村塾で多くの維新志士を育てた
34%
明治天皇 近代日本の象徴。大政奉還後の新政府の中心として、近代化の精神的支柱となった
34%
坂本九 歌手。「上を向いて歩こう」が世界的大ヒット
34%
松平定信 寛政の改革を実施。倹約・学問の奨励などを行う
33%
近衛文麿 首相。日中戦争開戦期の政治を担当
33%
田中角栄 のちの首相。「日本列島改造論」で有名
33%
白河天皇 院政を開始。「治天の君」の始まり
31%
法然 浄土宗開祖。念仏による救いを説く
31%
世阿弥 能楽を大成した芸術家。義満に保護されて発展
31%
雪舟 水墨画の第一人者。『天橋立図』などが有名
31%
本居宣長 国学を完成させた学者。「古事記伝」で有名
31%
森鷗外 文学者・軍医。「舞姫」など。近代文学をリード
31%
岸信介 安保改定を行った首相
31%
壱与 卑弥呼の後継の女王
30%
仁徳天皇 「民のかまど」で民の生活を思いやった。大仙古墳を造営した
30%
藤原頼通 道長の子。平等院鳳凰堂を建立
30%
源義朝 保元・平治の乱で活躍。頼朝の父
30%
北条泰時 御成敗式目を制定し武家政治を確立した3代執権
30%
後鳥羽天皇 承久の乱で幕府打倒を試みたが敗れた
30%
観阿弥 能楽を大成した芸術家。義満に保護されて発展
30%
足利義教 6代将軍。「恐怖政治」と言われる強権的な政治で幕府権力を回復。嘉吉の乱で暗殺される
30%
斎藤道三 「美濃のマムシ」。下剋上の象徴的な人物。信長の舅
30%
毛利元就 安芸の国人領主から大名へ成長。厳島の戦いで陶晴賢を破る
30%
武田勝頼 信玄の子。長篠の戦いで織田・徳川に敗れ、武田家滅亡
30%
水野忠邦 天保の改革を行い、物価統制や倹約などを実施したが失敗
30%
歌川広重 浮世絵師。「東海道五十三次」で知られる
30%
黒澤明 映画監督。『七人の侍』『羅生門』など、世界的評価を確立
30%
竹下登 消費税を導入した首相
30%
藤原不比等 藤原氏の基盤を作る。大宝律令制定に大きく関与
29%
小野小町 六歌仙の一人。美貌と歌で伝説的存在
29%
北条時政 北条氏の祖。初代執権。幕府の実権を握る
29%
島津義久 九州南部を勢力拡大。義弘は朝鮮出兵でも活躍
29%
間宮林蔵 探検家。樺太(サハリン)が島であることを発見
29%
高橋是清 財政家・首相。積極財政で不況を回復。二・二六事件で暗殺される
29%
美空ひばり 国民的歌手。戦後歌謡の象徴
29%
大友皇子 天智天皇の子。壬申の乱で天武天皇に敗れる
27%
紀貫之 『古今和歌集』の撰者。『土佐日記』で有名
27%
長宗我部元親 土佐を平定し四国統一へ進む有能な大名
27%
大友宗麟 豊後の大名。キリスト教保護・南蛮貿易を推進
27%
平賀源内 博物学者・発明家。「エレキテル」など多才
27%
池田勇人 「所得倍増計画」で高度成長を進めた首相
27%
後白河天皇 鳥羽・崇徳と対立。歌人としても有名
26%
一遍 時宗の開祖。「踊り念仏」で全国を巡る
26%
北条早雲 戦国大名の元祖。小田原を中心に関東を支配
26%
北条氏康 名将。後に関東最強クラスへ成長
26%
柴田勝家 信長の重臣。北陸方面で活躍
26%
桂太郎 首相を務め、日英同盟など外交政策で活躍
26%
加藤高明 憲政会の首相。普通選挙法を成立させた政治家(任期は大正末〜昭和初め)
26%
道鏡 称徳天皇に重用され、天皇位を狙うほどの権力を持った
24%
安倍晴明 陰陽道の名人として後世に強い人気
24%
北条義時 2代執権。後鳥羽上皇を破り、承久の乱を制す
24%
斎藤龍興 道三の孫。信長に敗れ美濃を失う
24%
北条氏政 氏康の子。武田・上杉・徳川と三国交渉を繰り返す
24%
今川氏真 義元の子。蹴鞠など文化教養に優れた人物
24%
徳川家斉 在職が長く、華美な文化(化政文化)が発展した時代の将軍
24%
新渡戸稲造 「武士道」で有名。国際連盟の事務次長も務めた
24%
山本五十六 海軍大将。真珠湾攻撃を指揮
24%
松田聖子 昭和のトップアイドル
24%
物部守屋 仏教受け入れをめぐって蘇我氏と対立
23%
持統天皇 飛鳥浄御原令の施行、藤原京遷都。天武系政治を継承
23%
鳥羽天皇 院政を継続。後の保元・平治の乱に繋がる政治構造を作る
23%
源義仲 北陸から平氏追討で上洛した武将
23%
斎藤義龍 斎藤道三の子。道三を討ち美濃を支配
23%
上杉景勝 謙信の養子。家督争い(御館の乱)を勝ち抜く
23%
足利義輝 剣豪将軍。三好勢に討たれる
23%
吉野作造 「民本主義」を唱え、大正デモクラシーの理論的指導者
23%
中曽根康弘 行政改革・民営化(国鉄・電電公社など)を進めた首相
23%
長屋王 長屋王の変で藤原氏と対立。自害とされる事件の中心人物
21%
藤原仲麻呂 称徳天皇と対立し「恵美押勝の乱」を起こすも敗死
21%
栄西 臨済宗を広めた僧。禅や茶を伝える
21%
道元 曹洞宗の開祖。「只管打坐」を説く
21%
楠木正成 南朝の中心武将。尊氏と戦い続けた忠臣
21%
細川勝元 管領家。のちに東軍の中心として応仁の乱を主導
21%
山名宗全 西軍の総大将。細川勝元と対立
21%
織田信秀 尾張の大名。織田信長の父。今川としばしば争う
21%
龍造寺隆信 肥前の大名。「肥前の熊」強力な軍事力を誇る
21%
北条時頼 5代執権。引付衆を設置し裁判制度を整備。最盛期の執権
20%
運慶 鎌倉彫刻の代表。写実的な仏像で有名
20%
足利義詮 2代将軍。南北朝の争い収束に努めた
20%
大内義隆 大内氏最盛期を築き、文化保護にも熱心
20%
丹羽長秀 信長を支えた宿老。行政能力に優れた
20%
松永久秀 三好家の重臣。平蜘蛛の茶釜の逸話で有名。信長に反乱を起こす
20%
乃木希典 陸軍大将。日露戦争の旅順攻略で知られる
20%
片山哲 日本初の社会民主系の首相
20%
崇徳天皇 保元の乱で敗れ、讃岐へ流される
19%
新田義貞 倒幕側の武将。鎌倉を攻めて幕府を滅ぼす
19%
兼好法師 『徒然草』の作者
19%
快慶 鎌倉彫刻の代表。写実的な仏像で有名
19%
足利義持 4代将軍。明との勘合貿易を一時停止するなど独自路線
19%
足利義視 義政の弟。将軍後継争いに巻き込まれ、西軍側に
19%
三好長慶 後に天下人となるが、この時期に勢力を伸ばし始める
19%
北条氏綱 早雲の子。関東支配を大きく進めた
19%
尼子晴久 智将尼子経久の孫。中国地方で大勢力を築く
19%
高野長英 蘭学者。外国研究を進めたが弾圧を受けた(蛮社の獄)
19%
前島密 郵便制度の確立に尽力。「日本の郵便の父」
19%
山県有朋 軍人・政治家。徴兵制度を整え、政界の重鎮となる
19%
山本権兵衛 海軍出身の政治家。シーメンス事件で退陣したが、のちに再び首相を務める
19%
美濃部達吉 憲法学者。「天皇機関説」を主張し、立憲政治に大きく貢献
19%
本田宗一郎 ホンダ創業者。世界的自動車メーカーを築く
19%
元明天皇 平城京遷都を実行した天皇
17%
阿倍仲麻呂 唐で高官になった日本人。日本に帰れなかったことで有名
17%
孝謙天皇 僧・道鏡を重用した女帝。政治介入が問題となる
17%
山上憶良 万葉集の「貧窮問答歌」で有名。生活感ある歌を多く残す
17%
武田信虎 甲斐の大名。武田家の基盤を強化し、信玄の父
17%
島津貴久 薩摩の大名。島津氏中興の祖
17%
滝川一益 関東方面軍として活躍
17%
志賀直哉 小説家。白樺派の中心。「暗夜行路」など
17%
福田赳夫 首相。日中平和友好条約を締結した
17%
玄昉 遣唐留学経験のある僧。朝廷に影響力を持つ
16%
藤原広嗣 九州で反乱(藤原広嗣の乱)。吉備真備・玄昉の排除を要求
16%
足利直義 尊氏の弟。政治を担当したが、尊氏と「観応の擾乱」で対立
16%
尼子経久 出雲の大名。中国地方に勢力を広げた
16%
長尾為景 越後の大名。上杉謙信の父
16%
江藤新平 司法制度を整備したが、佐賀の乱で処刑される
16%
浜口雄幸 政党政治を支えた政治家。後に昭和期で首相となる
16%
石川啄木 短歌・詩で知られる文学者。「一握の砂」。社会問題にも関心
16%
ビートたけし お笑い芸人
16%
蘇我稲目 仏教導入を推進した豪族
14%
大伴家持 万葉集の最後の編者とされる。奈良時代後期を代表する歌人
14%
赤松満祐 義教を暗殺した武将(嘉吉の乱)。のちに討伐される
14%
日野富子 義政の妻。将軍家の政治に強く関与し、守護大名同士の対立を悪化させた
14%
足利義尚 9代将軍。乱世の中で将軍権威を維持しようとした
14%
渡辺崋山 洋学者。対外政策を批判し処罰される(蛮社の獄)
14%
松下幸之助 パナソニック創業者。日本の高度成長を支えた実業家
14%
ワカタケル大王 強い中央集権を進め、豪族を抑え込んだ大和政権の王
13%
吉備真備 唐に留学し、律令政治の整備に貢献
13%
額田王 万葉集に多くの歌を残す女流歌人
13%
和田義盛 初代侍所別当。和田合戦で北条氏と戦い敗北
13%
畠山重忠 誠実な武将として有名。北条氏により討たれる
13%
足利義量 5代将軍。短期間の在職で若くして死去
13%
足利義稙 10代将軍。将軍位を追われたり復帰したりと混乱の象徴
13%
大内義興 山口を中心に西国を支配。京に上り幕政に大きく関わる
13%
小林一三 実業家。阪急電鉄・宝塚歌劇団の創設者。都市文化を作り上げた
13%
力道山 プロレスの創始者。戦後娯楽を復活させた英雄的人物
13%
大平正芳 消費税の原型となる一般消費税導入を提案した首相
13%
鞍作鳥 飛鳥寺の釈迦如来像(日本最古の仏像の一つ)を制作
11%
柿本人麻呂 万葉集を代表する歌人の一人
11%
元正天皇 養老律令を完成させた時期の天皇
11%
光明皇后 聖武天皇の皇后。施薬院・悲田院を設置し福祉に貢献
11%
和気清麻呂 道鏡の皇位継承を阻止した人物。宇佐八幡神託事件で活躍
11%
嵯峨天皇 弘仁・貞観文化を推進。書道の達人(三筆の一人)
11%
橘逸勢 三筆の一人。唐で学んだ書家
11%
後三条天皇 摂関政治弱体化のきっかけを作った天皇
11%
北条高時 最後の執権。幕府滅亡のときの執権
11%
広田弘毅 外交官出身の首相。戦前の外交を支えた
11%
石原莞爾 満州事変の立案者ともいわれる陸軍の思想家的軍人
11%
鈴木善幸 首相。経済安定政策を進めた
11%
和泉式部 恋多き歌人として有名
10%
藤原道綱母 『蜻蛉日記』の作者。女性文学の代表
10%
堀河天皇 父・白河上皇の院政下で治める
10%
信西 保元の乱後に権力を握るが平治の乱で自害
10%
畠山義就 畠山家のお家騒動で対立。応仁の乱の火種に
10%
今川氏親 駿河の大名。今川家の力を高め、教育政策にも熱心
10%
大岡忠相 吉宗に仕えた町奉行。大岡裁きで知られる名判官
10%
与謝蕪村 俳人・画家。絵画的な俳句で芭蕉とは異なる世界を作った
10%
谷崎潤一郎 小説家。「痴人の愛」「細雪」など。耽美的な文学を展開
10%
小磯国昭 戦中期の首相
10%
大伴金村 大和政権の大豪族。任那問題で影響力が低下
9%
隋で学び、日本で推古朝の政治改革に助言した
9%
淳仁天皇 藤原仲麻呂を支援したが、乱後に廃位される
9%
早良親王 桓武天皇の弟。無実と言われる流罪事件で怨霊噂が残る
9%
藤原種継 造長岡宮使。暗殺事件が政治を混乱させた
9%
藤原基経 初の「関白」。藤原氏の実質的な政治支配の基礎を作った
9%
藤原信頼 平治の乱で源義朝と組む
9%
俊寛 鹿ヶ谷の陰謀で流罪。能や文学で有名な人物
9%
西行 武士から僧へと転じ、多くの和歌を残した
9%
梶原景時 頼朝の側近。御家人に反発され追放される
9%
朝倉孝景 越前の戦国大名。「家訓十七箇条」で家臣統制を進めた
9%
内村鑑三 キリスト教思想家。「無教会主義」を唱えた
9%
武者小路実篤 白樺派文学の一人。「友情」「お目出たき人」など
9%
加藤友三郎 海軍出身の政治家。ワシントン会議に参加し、軍縮を推進
9%
柳田國男 民俗学の創始者。「遠野物語」など
9%
田中義一 軍人・政治家。のちに昭和期で首相となる
9%
光仁天皇 天武系から天智系に王統を戻した天皇。王権立て直し
7%
藤原緒嗣 桓武天皇へ「徳政論争」で建議
7%
藤原時平 菅原道真を左遷させた張本人
7%
平時忠 「平家にあらずんば人にあらず」で有名
7%
平頼綱 得宗家の権力を強めたが、のちに処罰された御内人
7%
北条貞時 9代執権。内紛増加で幕府が衰退
7%
畠山政長 畠山家のお家騒動で対立。応仁の乱の火種に
7%
大友義鑑 九州の大名。息子義鎮(宗麟)の代に最盛期を迎える
7%
荻生徂徠 江戸中期の儒学者。政治改革を進言し、古文辞学を広めた
7%
高村光雲 彫刻家。近代彫刻の礎を築く
7%
岡倉天心 美術教育者。「アジアは一つ」を唱え、日本美術の発展に寄与
7%
三島由紀夫 昭和前期に作家として登場。のちに日本を代表する文学者となる
7%
藤原忠平 摂関政治を安定させた名政治家
6%
北畠親房 南朝の重臣。『神皇正統記』を著す
6%
朝比奈泰朝 今川家の重臣。今川家を支え続けた
6%
林羅山 幕府の学問方。朱子学を重視し、幕府の思想の中心にした
6%
中森明菜 昭和歌謡・アイドル文化の代表的存在
6%
高向玄理 遣隋使で派遣され、帰国後に政治制度の整備に貢献
4%
南淵請安 天智天皇などに儒教を教授した人物
4%
六角高頼 近江の大名。室町幕府と対立し勢力を広げた
4%
大内政弘 西国の大名。応仁の乱で西軍を支援。強大な大内氏の礎に
4%
朝倉宗滴 北陸の有力武将。戦国を代表する軍略家
4%
正親町天皇 信長と交流し朝廷の改革をすすめた
4%
賀茂真淵 国学者。「万葉集」を重視し、日本古来の精神を研究
4%
大山巌 軍人。日清戦争で活躍。元帥となる
4%
後藤新平 東京市長・政治家。関東大震災の都市復興計画を主導
4%
北一輝 政治思想家。「国家改造」を主張し、昭和期の右翼思想に影響
4%
履中天皇 仁徳天皇の子。畿内での争いを収めた
3%
阿倍比羅夫 蝦夷平定など北方で活躍した将軍
3%
石上宅嗣 日本最古の“図書館”「芸亭(うんてい)」を設立
3%
北条経時 4代執権。短期間だが幕府を引き継ぐ
3%
安達泰盛 有力御家人。霜月騒動で得宗家と対立し敗死
3%
今川了俊 九州探題。南朝勢力を追いこむなど活躍
3%
斯波義敏 斯波家の家督争い。こちらも争乱の原因
3%
斯波義廉 斯波家の家督争い。こちらも争乱の原因
3%
伊勢貞親 幕府内の権力者。義政の信任を得て政治の実務を握る
3%
阿蘇惟将 肥後の国人領主。周辺勢力の影響を受け動揺
3%
後藤象二郎 自由民権運動を支え、地方自治の発達に寄与
3%
山川菊栄 社会運動家。女性の権利向上に大きく貢献
3%
吉備内親王 長屋王の妃。文化人としても知られる
1%
橘三千代 光明子の母。後の橘氏の祖
1%
日野俊基 後醍醐天皇を支え倒幕を企てた公家
1%
細川頼之 管領として義満の政治を支える。足利義詮の補佐にも尽力
1%
大友克洋 漫画家。『AKIRA』で世界的評価
1%
掖邪狗 狗奴国の王
0%
卑狗 狗奴国の将軍
0%
秦河勝 仏教の保護者として知られ、聖徳太子を支援した
0%
慧慈 聖徳太子の師とされる僧侶
0%
慧聡 隋・唐文化の知識を伝えた渡来僧
0%
義慈王 百済滅亡時、日本へ王子を派遣。倭国と密接な関係
0%
豊璋 日本で育ち、のちに百済復興のため帰国するが失敗
0%
道慈 遣唐使として唐で学び、帰国後に仏教文化を広めた
0%
多治比真人 「続日本紀」「養老律令」など行政に関わる
0%
井上内親王 孝謙天皇と対立。呪詛事件で失脚する
0%
善珠 唐招提寺の僧。鑑真を支えて日本律宗を広めた
0%
藤原為時 紫式部の教育に影響。漢詩人として有名
0%
後奈良天皇 戦国時代の混乱の中でも文化を保護
0%
本田利明 経世論(経済政策の考え方)を主張した学者
0%
星亨 政治家。議会政治の発展に貢献
0%
小川未明 童話作家。「日本児童文学の父」
0%
竹久夢二 画家。大正ロマンの象徴的存在
0%
No matching quizzes found
Score Distribution
Percent of People with Each Score
Percentile by Number Answered
Your Score History
You have not taken this quiz